O'Connor and another v Wiltshire County Council (Record no. 77098)

MARC details
000 -LEADER
fixed length control field 02350cab a2200289 4500
001 - CONTROL NUMBER
control field ##L133592
008 - FIXED-LENGTH DATA ELEMENTS--GENERAL INFORMATION
fixed length control field 060522n2006 000 0 eng u
035 ## - SYSTEM CONTROL NUMBER
System control number (Sirsi) u133592
041 0# - LANGUAGE CODE
Language code of text/sound track or separate title eng
245 00 - TITLE STATEMENT
Title O'Connor and another v Wiltshire County Council
260 ## - PUBLICATION, DISTRIBUTION, ETC.
Date of publication, distribution, etc. 2006
490 #0 - SERIES STATEMENT
Series statement Estates Gazette
Volume/sequential designation [2006] 18 EG 152-157(6)
520 ## - SUMMARY, ETC.
Summary, etc. LT, 6 February 2006. Considers whether the Land Compensation Act 1973 s19(3) applied in respect of a claim for compensation under Part I of the Act relating to depreciation in value of property caused by road noise. Developers had made an agreement (to which the affected landowners (O) had been party) with W to construct the Calne Northern Distributor Road (NDR) and which provided for the adoption of the NDR as a highway maintainable at public expense. W resisted O's claim for compensation under Part I of the Act contending that s19(3) applied. This states that no claim for compensation for depreciation under Part I can be made where a highway does not become maintainable at public expense within three years of opening which was the case with the NDR. O contended that s19(3) should be interpreted in accordance with the Human Rights Act 1998. "Held": claim dismissed. The possibility of a breach of Convention rights does not place any burden on the highway authority to establish the reasonableness or justification for the compensation provisions of the Act. The NDR was constructed by the highway authority under the Highways Act 1980 s24(2) and therefore was not maintainable at public expense from the date of its opening.
590 ## - LOCAL NOTE (RLIN)
Local note IKA230506
650 24 - SUBJECT ADDED ENTRY--TOPICAL TERM
Topical term or geographic name entry element O'CONNOR V WILTSHIRE CC
650 24 - SUBJECT ADDED ENTRY--TOPICAL TERM
Topical term or geographic name entry element HIGHWAYS ACT 1980 S24(2)
650 24 - SUBJECT ADDED ENTRY--TOPICAL TERM
Topical term or geographic name entry element LAND COMPENSATION ACT 1973 PART I
650 24 - SUBJECT ADDED ENTRY--TOPICAL TERM
Topical term or geographic name entry element TOWN AND COUNTRY PLANNING ACT 1990 S106
650 24 - SUBJECT ADDED ENTRY--TOPICAL TERM
Topical term or geographic name entry element LAND COMPENSATION ACT 1973 S 19(3)
650 24 - SUBJECT ADDED ENTRY--TOPICAL TERM
Topical term or geographic name entry element HUMAN RIGHTS ACT 1998 S3
650 24 - SUBJECT ADDED ENTRY--TOPICAL TERM
Topical term or geographic name entry element CONVENTION FOR THE PROTECTION OF HUMAN RIGHTS AND FUNDAMENTAL FREEDOMS ART 6
650 24 - SUBJECT ADDED ENTRY--TOPICAL TERM
Topical term or geographic name entry element CONVENTION FOR THE PROTECTION OF HUMAN RIGHTS AND FUNDAMENTAL FREEDOMS ART 8
650 24 - SUBJECT ADDED ENTRY--TOPICAL TERM
Topical term or geographic name entry element CONVENTION FOR THE PROTECTION OF HUMAN RIGHTS AND FUNDAMENTAL FREEDOMS FIRST PROTOCOL ART 1
651 #4 - SUBJECT ADDED ENTRY--GEOGRAPHIC NAME
Geographic name England and Wales
Chronological subdivision 1543-
690 ## - LOCAL SUBJECT ADDED ENTRY--TOPICAL TERM (OCLC, RLIN)
Topical term or geographic name as entry element ENVIRONMENTAL AND LAND CONSULTANCY-PLANNING AND DEVELOPMENT-COMPULSORY PURCHASE AND COMPENSATION
942 ## - ADDED ENTRY ELEMENTS (KOHA)
Suppress in OPAC 0
Holdings
Withdrawn status Lost status Source of classification or shelving scheme Damaged status Not for loan Home library Current library Shelving location Date acquired Total Checkouts Full call number Barcode Date last seen Copy number Price effective from Koha item type
    Dewey Decimal Classification     London London Journal article 22/05/2006   L133592 133592-1001 06/08/2019 1 06/08/2019 Law report